02883cam a2200373 a 450000100090000000300090000900500170001800800410003501000170007602000240009302500240011703700690014104000280021004200150023804300120025305000230026508200140028824502540030224600340055626000570059030000660064744000580071350000340077150400510080550514160085665000390227265000400231170000210235170000250237270000200239770000290241770000280244671000350247415849310BDDh-ASL20240117062600.0170614m20072009bg ab be 001 0 eng  a 2009346463 z9843000002860 (set) aB-E-2009-346463; 17 bAsiatic Society of Bangladesh publicationcTk500 (v. 1 : varies) aDLCcBDDh-ASLdBDDh-ASL alcodeapcc aa-bg---00aQK358.7b.E53 2007 a503 bENC00aEncyclopedia of flora and fauna of Bangladesh, Vol.-6, Angiosperms: (Acanthaceae- Asteraeae) /cchief editor, Zia Uddin Ahmed ; editors, flora, Z.N. Tahmida Begum, M. Abul Hassan, Moniruzzaman Khondeker ; fauna, Syed M. Humayun Kabir ... [et al.].30aFlora and fauna of Bangladesh aDhaka :bAsiatic Society of Bangladesh,c2007-<2009> av. <1-26, 28> :bill. (some col.), maps (some col.) ;c25 cm. aAsiatic Society of Bangladesh publication; v no. 103 aEditors vary in some volumes. aIncludes bibliographical references and index.1 av. 1. Bangladesh profile -- v. 2. Cyanobacteria, bacteria, and fungi -- v. 3. Algae: Chlorophyta (Aphanochaetaceae-Zygnemataceae) -- v. 4. Algae: Charophyta-Rhodophyta (Achnanthaceae-Vaucheriaceae) -- v. 5. Bryophytes, Pteridophytes, and Gymnosperms -- v. 6. Angiosperms: Dicotyledons (Acanthaceae-Asteraceae) -- v. 7. Angiosperms: Dicotyledons (Balsaminaceae-Euphorbiaceae) -- v. 8. Angiosperms: Dicotyledons (Fabaceae-Lythraceae) -- v. 9. Angiosperms: Dicotyledons Magnoliaceae-Punicaceae -- v. 10. Angiosperms: Dicotyledons Renunculaceae-Zygophyllaceae -- v. 11. Angiosperms: Monocotyledons Agavaceae-Najadaceae -- v. 12. Angiosperms: Monocotyledons, Orchidaceae-Zingiberaceae -- v. 13. Cumulative index flora -- v. 14. Protozoa to Gastrotricha -- v. 15. Platyhelminthes and Nematoda -- v. 16. Annelida Echinodermata Acanthocephala and minor phyla -- v. 17. Molluscs -- v. 18., pt. 1. Arthropoda: Archnida -- v. 18, pt. 2. Arthropoda: Crustacea -- v. 19. Arthropoda: Insecta I (Apterygota and Pterygota (Part)) -- v. 20. Arthropoda: Insecta II (Pterygota orders, Homoptera, Hemiptera Thysanoptera) -- v. 21. Arthropoda: Insceta III Pterygota (part), Pterygota orders, Neuroptera, Mecoptera, Lepidoptera, Trichoptera, Diptera, Siphonaptera -- v. 22. Anthropoda insecta IV -- v. 23. Freshwater fishes -- v. 24. Marine fishes -- v. 25. Ambhibians and reptiles -- v. 26. Birds -- v. 28. Cumulative index fauna 0aPlantszBangladeshvEncyclopedias. 0aAnimalszBangladeshvEncyclopedias.1 aAhmed, Zia Uddin1 aTahmida Begum, Z. N.1 aAbul Hassan, M.1 aKhondeker, Moniruzzaman.1 aKabir, Syed M. Humayun.1 aAsiatic Society of Bangladesh.